<?xml version="1.0" encoding="UTF-8"?>
<record
    xmlns:xsi="http://www.w3.org/2001/XMLSchema-instance"
    xsi:schemaLocation="http://www.loc.gov/MARC21/slim http://www.loc.gov/standards/marcxml/schema/MARC21slim.xsd"
    xmlns="http://www.loc.gov/MARC21/slim">

  <leader>01822nam a2200241 a 4500</leader>
  <controlfield tag="001">81087</controlfield>
  <controlfield tag="003">BD-RjUL</controlfield>
  <controlfield tag="005">20230117112208.0</controlfield>
  <controlfield tag="008">230117s1951    ua            000 0 ara d</controlfield>
  <datafield tag="035" ind1=" " ind2=" ">
    <subfield code="a">(BD-RjUL)81087</subfield>
  </datafield>
  <datafield tag="040" ind1=" " ind2=" ">
    <subfield code="a">NNL</subfield>
    <subfield code="b">ara</subfield>
    <subfield code="c">BD-RjUL</subfield>
  </datafield>
  <datafield tag="041" ind1=" " ind2=" ">
    <subfield code="a">ara</subfield>
  </datafield>
  <datafield tag="082" ind1=" " ind2=" ">
    <subfield code="2">23</subfield>
    <subfield code="a">297.352</subfield>
    <subfield code="b">KAK 1951</subfield>
  </datafield>
  <datafield tag="100" ind1="1" ind2=" ">
    <subfield code="a"> Kararah,  Abbas    &#x643;&#x631;&#x627;&#x631;&#x647;&#x60C; &#x639;&#x628;&#x627;&#x633;</subfield>
    <subfield code="9">6604</subfield>
  </datafield>
  <datafield tag="245" ind1="1" ind2="7">
    <subfield code="a"> &#x643;&#x62A;&#x627;&#x628; &#x627;&#x644;&#x62F;&#x64A;&#x646; &#x648;&#x627;&#x644;&#x62D;&#x62C; &#x639;&#x644;&#x649; &#x627;&#x644;&#x645;&#x630;&#x627;&#x647;&#x628; &#x627;&#x644;&#x623;&#x631;&#x628;&#x639;&#x629; : &#x64A;&#x634;&#x62A;&#x645;&#x644; &#x639;&#x644;&#x649; &#x62C;&#x645;&#x64A;&#x639; &#x645;&#x646;&#x627;&#x633;&#x643; &#x627;&#x644;&#x62D;&#x62C; &#x648;&#x627;&#x644;&#x632;&#x64A;&#x627;&#x631;&#x629; &#x628;&#x627;&#x644;&#x635;&#x648;&#x631; &#x64A;&#x62D;&#x62A;&#x648;&#x64A; &#x639;&#x644;&#x649; &#x634;&#x631;&#x62D; &#x644;&#x642;&#x648;&#x627;&#x639;&#x62F; &#x627;&#x644;&#x625;&#x633;&#x644;&#x627;&#x645; &#x627;&#x644;&#x62E;&#x645;&#x633; &#x628;&#x627;&#x644;&#x622;&#x64A;&#x627;&#x62A; &#x648;&#x627;&#x644;&#x623;&#x62D;&#x627;&#x62F;&#x64A;&#x62B; &#x648;&#x647;&#x64A; : &#x627;&#x644;&#x634;&#x647;&#x627;&#x62F;&#x629; &#x648;&#x627;&#x644;&#x635;&#x644;&#x627;&#x629; &#x648;&#x627;&#x644;&#x632;&#x643;&#x627;&#x629; &#x648;&#x627;&#x644;&#x635;&#x648;&#x645; &#x648;&#x627;&#x644;&#x62D;&#x62C; &#x643;&#x62A;&#x627;&#x628; &#x627;&#x644;&#x62F;&#x64A;&#x646; &#x648;&#x627;&#x644;&#x62D;&#x62C; &#x639;&#x644;&#x649; &#x627;&#x644;&#x645;&#x630;&#x627;&#x647;&#x628; &#x627;&#x644;&#x623;&#x631;&#x628;&#x639;&#x629; : &#x64A;&#x634;&#x62A;&#x645;&#x644; &#x639;&#x644;&#x649; &#x62C;&#x645;&#x64A;&#x639; &#x645;&#x646;&#x627;&#x633;&#x643; &#x627;&#x644;&#x62D;&#x62C; &#x648;&#x627;&#x644;&#x632;&#x64A;&#x627;&#x631;&#x629; &#x628;&#x627;&#x644;&#x635;&#x648;&#x631; &#x64A;&#x62D;&#x62A;&#x648;&#x64A; &#x639;&#x644;&#x649; &#x634;&#x631;&#x62D; &#x644;&#x642;&#x648;&#x627;&#x639;&#x62F; &#x627;&#x644;&#x625;&#x633;&#x644;&#x627;&#x645; &#x627;&#x644;&#x62E;&#x645;&#x633; &#x628;&#x627;&#x644;&#x622;&#x64A;&#x627;&#x62A; &#x648;&#x627;&#x644;&#x623;&#x62D;&#x627;&#x62F;&#x64A;&#x62B; &#x648;&#x647;&#x64A; : &#x627;&#x644;&#x634;&#x647;&#x627;&#x62F;&#x629; &#x648;&#x627;&#x644;&#x635;&#x644;&#x627;&#x629; &#x648;&#x627;&#x644;&#x632;&#x643;&#x627;&#x629; &#x648;&#x627;&#x644;&#x635;&#x648;&#x645; &#x648;&#x627;&#x644;&#x62D;&#x62C; / Kitab al-din wa-al-hajj `ala al-madhahib al-arba`ah : yashtamil `ala jami` manasik al-hajj wa-al-ziyarah bi-al-suwar yahtawi `ala sharh li-qawa`id al-Islam al-khams bi-al-ayat wa-al-ahadith wa-hiya : al-shahadah wa-al-salah wa-al-zakah wa-al-sawm wa-al-hajj /</subfield>
    <subfield code="b">/</subfield>
    <subfield code="c">[&#x62A;&#x627;&#x644;&#x64A;&#x641;] &#x639;&#x628;&#x627;&#x633; &#x643;&#x631;&#x627;&#x631;&#x647;.Abbas Kararah</subfield>
  </datafield>
  <datafield tag="250" ind1=" " ind2=" ">
    <subfield code="a"> 10th. ed  &#x627;&#x644;&#x637;&#x628;&#x639;&#x629; &#x627;&#x644;&#x639;&#x634;&#x631;</subfield>
  </datafield>
  <datafield tag="260" ind1=" " ind2=" ">
    <subfield code="a">[&#x627;&#x644;&#x642;&#x627;&#x647;&#x631;&#x629;] :</subfield>
    <subfield code="b">&#x62F;&#x627;&#x631; &#x645;&#x635;&#x631; &#x644;&#x644;&#x637;&#x628;&#x627;&#x639;&#x629;&#x60C;</subfield>
    <subfield code="c">1370      [1951]</subfield>
  </datafield>
  <datafield tag="300" ind1=" " ind2=" ">
    <subfield code="a">186&#x60C; [&#x664;]&#x635;.</subfield>
    <subfield code="b">18 cm</subfield>
  </datafield>
  <datafield tag="500" ind1=" " ind2=" ">
    <subfield code="a">"&#x628;&#x62A;&#x642;&#x631;&#x64A;&#x638; &#x645;&#x646; &#x645;&#x634;&#x64A;&#x62E;&#x629; &#x627;&#x644;&#x627;&#x632;&#x647;&#x631; &#x648;&#x639;&#x644;&#x645;&#x627;&#x621; &#x627;&#x644;&#x639;&#x627;&#x644;&#x645; &#x627;&#x644;&#x627;&#x633;&#x644;&#x627;&#x645;&#x64A;&#x60C; &#x64A;&#x62D;&#x62A;&#x648;&#x64A; &#x639;&#x644;&#x649; &#x634;&#x631;&#x62D; &#x627;&#x631;&#x643;&#x627;&#x646; &#x627;&#x644;&#x627;&#x633;&#x644;&#x627;&#x645; &#x627;&#x644;&#x62E;&#x645;&#x633; &#x628;&#x627;&#x644;&#x622;&#x64A;&#x627;&#x62A; &#x648;&#x627;&#x644;&#x627;&#x62D;&#x627;&#x62F;&#x64A;&#x62B;..."</subfield>
  </datafield>
  <datafield tag="650" ind1=" " ind2="4">
    <subfield code="a">Islam</subfield>
    <subfield code="x">Customs and practices</subfield>
  </datafield>
  <datafield tag="650" ind1=" " ind2="4">
    <subfield code="a">Worship (Islam)</subfield>
    <subfield code="9">6605</subfield>
  </datafield>
  <datafield tag="942" ind1=" " ind2=" ">
    <subfield code="2">ddc</subfield>
    <subfield code="c">BK</subfield>
  </datafield>
  <datafield tag="999" ind1=" " ind2=" ">
    <subfield code="c">81087</subfield>
    <subfield code="d">81087</subfield>
  </datafield>
  <datafield tag="952" ind1=" " ind2=" ">
    <subfield code="0">0</subfield>
    <subfield code="1">0</subfield>
    <subfield code="2">ddc</subfield>
    <subfield code="4">0</subfield>
    <subfield code="7">1</subfield>
    <subfield code="8">NFIC</subfield>
    <subfield code="a">RUCL</subfield>
    <subfield code="b">RUCL</subfield>
    <subfield code="c">Reading</subfield>
    <subfield code="d">1995-11-14</subfield>
    <subfield code="l">0</subfield>
    <subfield code="o">A 297.352 KAK 1951</subfield>
    <subfield code="r">2023-01-17 00:00:00</subfield>
    <subfield code="t">C-1</subfield>
    <subfield code="w">2023-01-17</subfield>
    <subfield code="y">BK</subfield>
  </datafield>
</record>
